000 00644nam a2200205 a 4500
005 20140311163034.0
008 101012s19uu xx 00 eng d
020 _a9780787968939
050 _aLB 1029.A22
_b.W63 2010
100 _aWlodkowski, Raymond J.
245 _aTeaching intensive and accelerated courses :
_binstruction that motivates learning /
_cRaymond J. Wlodkowski
260 _aUSA :
_bJossey-Bass,
_c2010.
300 _a223 p. :
_bill. ;
_c27 cm.
521 _aEDU
650 _aEducational acceleration.
650 _aMotivation in education.
700 _aGinsberg, Margery B.
942 _cBK
_2lcc
_kFOR
999 _c39658
_d39658